000
00244nam a2200109Ia 4500
008
230312s9999||||xx |||||||||||||| ||und||
082
_a
658.1511
_b
SIV-A
100
_a
Sivabalan prabhu
245
0
_a
Acct mba
650
_a
Management
942
_c
BK
999
_c
14717
_d
14717